000 00503nam a2200169Ia 4500
008 090711s9999 xx 000 0 und d
082 _b52295
100 _aकारखानीस अशोक
245 _aगूढकथा (भाग 1)
260 _c1986
300 _a253
600 _aकारखानीस अशोक
630 _aगूढकथा (भाग 1)
700 _aकारखानीस अशोक
730 _aगूढकथा (भाग 1)
942 _cBOOK
999 _c296856
_d296856